'Groundhog Day' Events in Order Quiz Stats

Quiz Updated Feb 3, 2016

Also try: Bill Murray Movies
Challenge
Share
Tweet
Embed
Score 0/16 Timer 06:00
0 Plays Today
% Correct
???
99.5%
???
94.6%
???
76.1%
???
52.5%
???
48.1%
???
41.5%
???
33.5%
???
20.4%
% Correct
???
17.7%
???
16.4%
???
11.7%
???
10%
???
7.8%
???
7.8%
???
7.7%
???
6.8%

You're not logged in!

Compare scores with friends on all Sporcle quizzes.
Join for Free
OR
Log In

You Might Also Like...

Show Comments

Extras

Top Quizzes Today


Score Distribution

Your Account Isn't Verified!

In order to create a playlist on Sporcle, you need to verify the email address you used during registration. Go to your Sporcle Settings to finish the process.

Report this User

Report this user for behavior that violates our Community Guidelines.

Details: